| 000 | 00799nam a22002657a 4500 | ||
|---|---|---|---|
| 003 | 0 | ||
| 005 | 20160609170348.0 | ||
| 008 | 110103t xxu||||| |||| 00| 0 eng d | ||
| 037 |
_aR16412 _bBIBLIO |
||
| 040 |
_aEPAC _bF _cBIBLIO |
||
| 082 | _a26.APE/DJO | ||
| 100 |
_aRaymond Paul DJOSSOU- AGBOADANNON _913444 |
||
| 245 | _aContribution à l'amélioration de la gestion des intrants agricole au Bénin: cas du coton | ||
| 250 | _aCAP | ||
| 260 |
_aEPAC _bBIBLIO _c2005-2006 |
||
| 300 |
_a34p _bIll. en coul. _c30cm |
||
| 440 |
_n3 parties _913445 |
||
| 500 | _aListe des abréviations et sigles; bibliographie; annexe | ||
| 650 |
_aCOTON _913446 |
||
| 650 |
_aINTRANT _913447 |
||
| 650 |
_aAMELIORATION _913448 |
||
| 650 |
_aGESTION _913449 |
||
| 700 |
_aDavid AZOCLI _913450 |
||
| 942 | _cTHE | ||
| 999 |
_c48813 _d48813 |
||